00593nam a2200181Ia 4500003000900000008004100009040001600050110003700066245008000103260005300183300001600236650001900252650001000271650002900281942000700310999001500317952007900332IN-BaIIA211028s9999 xx 000 0 eng d cIIA Library aInternational Astronomical Union 0aApparent places of fundamental stars 1985cInternational Astronomical Union aHeidenburgbAstronomisches Rechen-Institutc1984 axlvi, 510p. aNASA Thesaurus astars aStars-fundamental913843 cBK c8253d8253 00104070aBANbKAVcGENd1985-05-06l0p9097r2021-11-05w1985-05-06yBK